000 00373nam a2200145Ia 4500
008 191201s2007 xx 000 0 und d
082 _a004
_bRAC
100 _aRAM, B
245 0 _aComputer Fundamentals Architecture and Organization
250 _a3rd
260 _aN.Delhi
_bNew Age International Pub
_c2007
300 _a10.15
650 _aB.Tech(CSE)
942 _2ddc
_cBK
999 _c2018
_d2018